Organic chemistry: a short course
Saved in:
| Main Authors: | , |
|---|---|
| Format: | Bog |
| Sprog: | engelsk |
| Udgivet: |
Boston
Houghton Mifflin
1978
|
| Udgivelse: | 5a. ed |
| Fag: | |
| Tags: |
Tilføj Tag
Ingen Tags, Vær først til at tagge denne postø!
|
MARC
| LEADER | 00000nam a2200000 a 4500 | ||
|---|---|---|---|
| 001 | UCM5691 | ||
| 003 | CL-VaPUC | ||
| 005 | 20241206145639.0 | ||
| 008 | 021018e19780000US |||||||||||||||||eng|d | ||
| 999 | |c 301551 |d 301549 | ||
| 040 | |c Pontificia Universidad Católica de Valparaíso | ||
| 082 | 0 | 4 | |a 547 |b HAR |2 21 |
| 100 | |a Hart, Harold |e author |9 471772 | ||
| 245 | 1 | 0 | |a Organic chemistry: a short course |
| 250 | |a 5a. ed | ||
| 260 | |a Boston |b Houghton Mifflin |c 1978 | ||
| 300 | |a 417 p | ||
| 583 | |a last modification |c 20021018 00:00:00 |k Rodrigo Vera | ||
| 650 | 0 | |a Química orgánica |9 259426 | |
| 650 | 7 | |a Compuestos químicos |2 CL-VaPUC |9 306788 | |
| 650 | 7 | |a Alcoholes |x Éteres |x Hidrocarburos |2 CL-VaPUC |9 344783 | |
| 650 | 7 | |a Carbohidratos |x Lípidos |2 CL-VaPUC |9 264044 | |
| 700 | 0 | |a Schuetz, Robert D |e author |9 471771 | |
| 942 | |c BK |2 ddc | ||
| 945 | |d 20021018 00:00:00 |a vberengu | ||
| 952 | |0 0 |1 0 |4 0 |6 547_000000000000000_HAR_1978 |7 0 |8 A |9 360640 |a BIBCUR |b BIBCUR |d 2019-11-21 |i 384823K |o 547 HAR 1978 |p 384823K |r 2025-04-22 |w 2019-11-21 |y BK |k BCB | ||